| 000 | 01224nam a22002777a 4500 | ||
|---|---|---|---|
| 003 | OSt | ||
| 005 | 20230130101206.0 | ||
| 007 | cr ||||||a|c|a | ||
| 008 | 230124s2021 mx a|||fom||| 001 0 spa d | ||
| 040 | _erda | ||
| 100 | 1 |
_9185986 _aAnicasio Casiano, Javier |
|
| 245 | 1 |
_aInteligencia emocional en los estudiantes de la Preparatoria Agrícola de la Universidad Autónoma Chapingo / _cpor Javier Anicasio Casiano; director de tesis Gladys Martínez Gómez. |
|
| 264 | 1 |
_aChapingo, México : _bEl autor, _c2021. |
|
| 300 |
_a1 recurso en línea (213 páginas). _btablas, figuras. |
||
| 336 |
_2rdacontent _atexto _btxt |
||
| 337 |
_2rdamedia _acomputadora _bc |
||
| 338 |
_2rdacarrier _arecurso en línea _bcr |
||
| 502 |
_bDCEAS _cSociología _d2021. _gDOC |
||
| 504 | _aIncluye referencias bibliográficas: páginas 187-201. | ||
| 650 | 4 |
_9186130 _aEstudiantes _xInteligencia emocional |
|
| 650 | 4 |
_9130310 _aEstudiantes _xAptitud de aprendizaje |
|
| 650 | 4 |
_9174927 _aEmociones _x Aspectos sociales |
|
| 700 | 1 |
_972113 _aMartínez Gómez, Gladys _eDirector de tesis. |
|
| 856 |
_uhttp://10.13.5.2/tesis/td/2021_SR_Anicasio_Casiano_Javier.pdf _zDESCARGAR PDF |
||
| 942 |
_2Clasificación Universidad Autónoma Chapingo _cTD |
||
| 999 |
_c218152 _d218152 |
||